[Event "12. Lichtenberger Sommer"]
[Site "Berlin"]
[Date "2013.08.24"]
[Round "8.92"]
[White "Baumgaertner, Andre"]
[Black "Mueller, Johannes"]
[Result "0-1"]
[WhiteElo "1348"]
[BlackElo "1835"]
[PlyCount "84"]
[EventDate "2013.??.??"]
[WhiteTeam "SC Friesen Lichtenberg e.V."]
[BlackTeam "SC Friesen Lichtenberg e.V."]

1. d4 e6 2. c4 f5 3. Nf3 c6 4. Nc3 d5 5. e3 Nf6 6. cxd5 exd5 7. Bd3 Bd6 8. Qc2
Ne4 9. Bxe4 fxe4 10. Ne5 O-O 11. f4 exf3 12. Nxf3 Bf5 13. Qd2 Nd7 14. Ne2 Nf6
15. Ng3 Bxg3+ 16. hxg3 Ne4 17. Qd1 Nxg3 18. Rh2 Qe7 19. Kf2 Ne4+ 20. Ke2 Bg4
21. Qe1 h5 22. Rh1 c5 23. Bd2 cxd4 24. exd4 Ng3+ 25. Kd3 Bf5+ 26. Kc3 Qc7+ 27.
Kb3 Nxh1 28. Qxh1 Qc4+ 29. Ka3 Bc2 30. b3 Qd3 31. Qxh5 Qf5 32. Ng5 Rf6 33. Qe2
Qd7 34. Re1 Bg6 35. Nf3 Be4 36. Ne5 Qe8 37. Qg4 Rc8 38. Rc1 Rxc1 39. Bxc1 Qe7+
40. Kb2 Rf2+ 41. Ka1 Qc7 42. Qg5 Qc3+ 0-1

[Event "12. Lichtenberger Sommer"]
[Site "Berlin"]
[Date "2013.08.24"]
[Round "8.94"]
[White "Gnaß, Erhard"]
[Black "Lohse, Steffen"]
[Result "0-1"]
[WhiteElo "1529"]
[BlackElo "1897"]
[PlyCount "80"]
[EventDate "2013.??.??"]
[WhiteTeam "SK Zehlendorf e.V."]
[BlackTeam "SV Osram"]

1. Nf3 f5 2. d4 Nf6 3. Nc3 b6 4. Bg5 Bb7 5. Bxf6 exf6 6. g3 Bb4 7. Bg2 O-O 8.
O-O Bxc3 9. bxc3 Re8 10. Ne1 Bxg2 11. Nxg2 Nc6 12. e3 Qe7 13. Qd3 g6 14. a4 Kg7
15. Nf4 Qd6 16. Rab1 Nd8 17. c4 Ne6 18. Nxe6+ Rxe6 19. d5 Re4 20. f3 Re5 21.
Rbe1 Rae8 22. Re2 Qb4 23. Ra1 Qc5 24. Kg2 Rxe3 25. Rxe3 Rxe3 26. Qd2 Qe7 27.
Kf2 Re5 28. c3 h5 29. h3 g5 30. f4 Re4 31. Qd3 Qc5+ 32. Kf3 Qxc4 33. Qxc4 Rxc4
34. Ra3 Kf7 35. fxg5 fxg5 36. Ke3 Kf6 37. Kd3 Re4 38. Rb3 Rxa4 39. c4 Ke5 40.
Ke3 Rxc4 0-1

[Event "12. Lichtenberger Sommer"]
[Site "Berlin"]
[Date "2013.08.24"]
[Round "8.95"]
[White "Paris, Gerhard"]
[Black "Acikel, Mert"]
[Result "1-0"]
[WhiteElo "1587"]
[BlackElo "1741"]
[PlyCount "87"]
[EventDate "2013.??.??"]
[WhiteTeam "TSG Oberschöneweide e.V."]
[BlackTeam "VfB Hermsdorf e.V."]

1. e4 e5 2. Nc3 Nc6 3. g3 Nf6 4. Bg2 Be7 5. Nf3 d6 6. d3 O-O 7. O-O h6 8. Be3
Re8 9. Nh4 Be6 10. Nf5 Bxf5 11. exf5 d5 12. Ne2 d4 13. Bd2 Bc5 14. Kh1 e4 15.
Nf4 e3 16. fxe3 dxe3 17. Bc3 e2 18. Nxe2 Ng4 19. Qe1 Ne3 20. Qf2 Bb6 21. Qf3
Nxf1 22. Rxf1 Be3 23. f6 g6 24. Nf4 Bxf4 25. Qxf4 g5 26. Qg4 Qd6 27. Qh5 Qf8
28. Be4 Re6 29. h4 gxh4 30. Qg4+ Kh8 31. Qxh4 Rd8 32. Bd2 Rxe4 33. Qxe4 Rd4 34.
Qe3 Rg4 35. Kg2 Rg6 36. Qf4 Qc5 37. Rh1 Qd5+ 38. Kg1 Qc5+ 39. Be3 Qxc2 40.
Rxh6+ Kg8 41. Rxg6+ fxg6 42. f7+ Kf8 43. Qf1 Qxb2 44. Bh6+ 1-0

[Event "12. Lichtenberger Sommer"]
[Site "Berlin"]
[Date "2013.08.24"]
[Round "8.96"]
[White "Nguyen, Phuong Thuy Anh"]
[Black "Schmitt, Jens-Ole"]
[Result "0-1"]
[WhiteElo "1436"]
[BlackElo "1676"]
[PlyCount "44"]
[EventDate "2013.??.??"]
[WhiteTeam "Schachunion Berlin e.V."]
[BlackTeam "SG Narva Berlin e.V."]

1. e4 c5 2. Nf3 e6 3. d4 cxd4 4. Nxd4 a6 5. Nc3 Qc7 6. Bd3 Nc6 7. Nf3 Nf6 8.
O-O Be7 9. Re1 d6 10. b3 O-O 11. a4 b6 12. Bb2 Bb7 13. Qe2 Rfd8 14. e5 dxe5 15.
Nxe5 Nxe5 16. Qxe5 Bd6 17. Qe3 Bxh2+ 18. Kh1 Ng4 19. Bxh7+ Kh8 20. Qe2 Qf4 21.
f3 Bg1 22. g3 Bxf3+ 0-1

[Event "12. Lichtenberger Sommer"]
[Site "Berlin"]
[Date "2013.08.24"]
[Round "8.97"]
[White "Dittrich, Hans-Georg"]
[Black "Toth, Hans-Jürgen"]
[Result "1/2-1/2"]
[WhiteElo "1751"]
[BlackElo "1641"]
[PlyCount "53"]
[EventDate "2013.??.??"]
[WhiteTeam "SG Blau-Weiß Stadtilm"]
[BlackTeam "Schachfreunde Zehdenick 76 e.V."]

1. e4 e6 2. d4 d5 3. Nc3 Bb4 4. exd5 exd5 5. Bd3 Qf6 6. Nge2 Ne7 7. O-O O-O 8.
a3 Bd6 9. Nb5 a6 10. Nxd6 Qxd6 11. c3 Bf5 12. Bf4 Qd7 13. Ng3 Bxd3 14. Qxd3 Ng6
15. Bd2 Nc6 16. f4 f6 17. f5 Nh8 18. Ne2 Rae8 19. Nf4 Nd8 20. c4 c6 21. cxd5
cxd5 22. Qb3 Re4 23. Nxd5 Nhf7 24. Bc3 Nc6 25. Nb6 Nxd4 26. Nxd7 Nxb3 27. Nxf8
1/2-1/2

[Event "12. Lichtenberger Sommer"]
[Site "Berlin"]
[Date "2013.08.24"]
[Round "8.98"]
[White "Schmidek, Johann"]
[Black "Scholta, Danilo"]
[Result "0-1"]
[WhiteElo "1424"]
[BlackElo "1584"]
[PlyCount "104"]
[EventDate "2013.??.??"]
[WhiteTeam "vereinslos"]
[BlackTeam "SV Empor Berlin e.V."]

1. d4 Nf6 2. c4 e5 3. dxe5 Ng4 4. Nf3 Nc6 5. Bf4 Bb4+ 6. Nbd2 Qe7 7. e3 Ncxe5
8. Nxe5 Nxe5 9. Be2 O-O 10. O-O a5 11. a3 Bc5 12. Ne4 Bb6 13. Rc1 d6 14. Bxe5
Qxe5 15. Qd5 Re8 16. Nc3 c6 17. Qxe5 Rxe5 18. Rfd1 Bc7 19. Na4 Bf5 20. Bd3 Be6
21. Nc3 f5 22. Ne2 Rf8 23. Nf4 g5 24. Nxe6 Rxe6 25. c5 d5 26. Rf1 Kg7 27. b4
axb4 28. axb4 Be5 29. Rb1 f4 30. b5 fxe3 31. fxe3 Rxf1+ 32. Rxf1 Bc3 33. Rf3
Bb4 34. Bf5 Re7 35. Rh3 h6 36. bxc6 bxc6 37. Kf2 Bxc5 38. Kf3 Rxe3+ 39. Kg4 d4
40. Rxe3 dxe3 41. Kf3 Bd4 42. Bd7 c5 43. Bb5 Kf6 44. Ke4 Ke6 45. g4 Kd6 46. Kf5
Kd5 47. Be2 c4 48. Kg6 c3 49. Bd3 e2 50. Bxe2 c2 51. Kxh6 c1=Q 52. Bf3+ Ke5 0-1

[Event "12. Lichtenberger Sommer"]
[Site "Berlin"]
[Date "2013.08.24"]
[Round "8.99"]
[White "Dietzel, Uwe"]
[Black "Gelman, Josef"]
[Result "1-0"]
[WhiteElo "1708"]
[BlackElo "1570"]
[PlyCount "68"]
[EventDate "2013.??.??"]
[WhiteTeam "TSV Lichtentanne SAbt"]
[BlackTeam "SC Weisse Dame e.V."]

1. c4 e5 2. g3 Nf6 3. Bg2 Nc6 4. Nc3 Bb4 5. d3 d6 6. Bd2 O-O 7. e3 Rb8 8. Nge2
Bf5 9. Qc2 Qd7 10. O-O Bh3 11. a3 Bxg2 12. Kxg2 Bc5 13. Rab1 Rfd8 14. b4 Bb6
15. Na4 a6 16. Nxb6 cxb6 17. e4 Qe6 18. h3 Ne7 19. Nc3 Rdc8 20. Qb3 Qd7 21. b5
Ra8 22. a4 a5 23. Bg5 Ne8 24. Qa3 h6 25. Be3 Qc7 26. f4 Qd8 27. Rf3 Nf6 28.
Rbf1 Qc7 29. g4 Rf8 30. fxe5 dxe5 31. g5 Ne8 32. gxh6 g6 33. Bg5 Nd6 34. Bf6
Rae8 1-0

[Event "12. Lichtenberger Sommer"]
[Site "Berlin"]
[Date "2013.08.24"]
[Round "8.100"]
[White "Stemmler, Frank"]
[Black "Schweitzer, Paul"]
[Result "0-1"]
[WhiteElo "1377"]
[BlackElo "1724"]
[PlyCount "130"]
[EventDate "2013.??.??"]
[WhiteTeam "SG Eckturm"]
[BlackTeam "SV Königsjäger Süd-West e.V."]

1. e4 b6 2. Nc3 e6 3. Bc4 a5 4. Nf3 Ne7 5. d4 Ng6 6. a3 c6 7. Bd3 Be7 8. e5 Qc7
9. Bg5 d5 10. exd6 Bxd6 11. Ne4 Bf4 12. Bxf4 Nxf4 13. Ne5 O-O 14. Qf3 Nxd3+ 15.
Qxd3 f6 16. Nf3 Ba6 17. Qb3 Re8 18. O-O-O Nd7 19. Qe3 Rab8 20. h4 Bc4 21. Rh3
c5 22. Rg3 Bd5 23. Qh6 Qxg3 24. Qe3 Qc7 25. Ned2 cxd4 26. Nxd4 Rbc8 27. c3 Qc5
28. Ne4 Bxe4 29. Qxe4 e5 30. Nf5 Qc7 31. Qd5+ Kf8 32. Qxd7 Red8 33. Qe6 Rxd1+
34. Kxd1 Rd8+ 35. Kc1 Qd7 36. Qxd7 Rxd7 37. Ne3 b5 38. Kc2 g6 39. a4 bxa4 40.
Nc4 Ke7 41. Nxa5 Rc7 42. Kd3 f5 43. f3 Ke6 44. Nc4 Rc6 45. Nd2 h6 46. c4 g5 47.
hxg5 hxg5 48. Nb1 Rd6+ 49. Kc3 Rb6 50. Na3 Rb3+ 51. Kc2 Kd6 52. Nb1 g4 53. Nd2
Re3 54. Kd1 Kc5 55. Nf1 Rb3 56. Kc2 Kxc4 57. Nd2+ Kb4 58. Nxb3 axb3+ 59. Kd3 g3
60. Ke3 Kc4 61. f4 exf4+ 62. Kxf4 Kd3 63. Kxf5 Kc2 64. Kf4 Kxb2 65. Kxg3 Ka1
0-1

[Event "12. Lichtenberger Sommer"]
[Site "Berlin"]
[Date "2013.08.24"]
[Round "8.101"]
[White "Linden, Raimund"]
[Black "Ziegel, Mandy Marie"]
[Result "1/2-1/2"]
[WhiteElo "1740"]
[BlackElo "1548"]
[PlyCount "139"]
[EventDate "2013.??.??"]
[WhiteTeam "SK Zehlendorf e.V."]
[BlackTeam "Schachclub Oranienburg e.V."]

1. d4 d5 2. c4 e5 3. e3 dxc4 4. Bxc4 exd4 5. Qxd4 Qxd4 6. exd4 Nf6 7. Nf3 Bd6
8. O-O O-O 9. Nc3 c6 10. Bg5 Nbd7 11. Rfe1 b5 12. Bd3 h6 13. Bd2 Bb7 14. Ne5 b4
15. Nxd7 Nxd7 16. Ne4 Be7 17. Rac1 a5 18. Be3 Rad8 19. Bb1 Nb6 20. Nc5 Ba8 21.
b3 Nd5 22. Be4 f5 23. Bxd5+ Rxd5 24. Ne6 Rf6 25. Nc7 Rd8 26. Nxa8 Rxa8 27. Bf4
Bd6 28. Be5 Bxe5 29. dxe5 Re6 30. f4 g5 31. g3 Kf7 32. Red1 a4 33. Rc4 axb3 34.
axb3 Rb8 35. Rdd4 Ra8 36. Rc1 Rb8 37. Rd7+ Kg6 38. Rd6 Kf7 39. Rcxc6 Rxd6 40.
exd6 Ke6 41. d7+ Kxd7 42. Rxh6 g4 43. Rf6 Rb5 44. Ra6 Rd5 45. Ra2 Rd3 46. Rb2
Kd6 47. Kf2 Kd5 48. Kg2 Kd4 49. h4 gxh3+ 50. Kxh3 Kc3 51. Re2 Kxb3 52. Re5 Kc4
53. Rxf5 b3 54. Rf8 b2 55. Rb8 Rb3 56. Rc8+ Kd5 57. Rd8+ Ke6 58. Rd1 Rc3 59.
Rb1 Rb3 60. Kg4 Kf6 61. Kh3 Kf5 62. Kh4 Rb7 63. Kh3 Rb6 64. Kg2 Kg4 65. Kf2 Rb3
66. Kf1 Kxg3 67. f5 Rf3+ 68. Ke1 Rf2 69. Kd1 Rxf5 70. Rxb2 1/2-1/2

[Event "12. Lichtenberger Sommer"]
[Site "Berlin"]
[Date "2013.08.24"]
[Round "8.102"]
[White "Schmole-Rostosky, Joachim"]
[Black "Theilig, Reinhard"]
[Result "0-1"]
[WhiteElo "1245"]
[BlackElo "1713"]
[PlyCount "108"]
[EventDate "2013.??.??"]
[WhiteTeam "SF Schwarz-Weiß Merzhausen"]
[BlackTeam "VfB Hermsdorf e.V."]

1. e4 d6 2. d4 Nf6 3. Nc3 g6 4. Be2 Bg7 5. Nf3 O-O 6. Be3 Ng4 7. Bg5 h6 8. Bh4
g5 9. Bg3 Nf6 10. h3 Nbd7 11. Qd3 c5 12. O-O-O Qa5 13. Qb5 Qd8 14. e5 a6 15.
Qd3 Ne8 16. Qe4 e6 17. exd6 Ndf6 18. Qe3 c4 19. Bxc4 Nxd6 20. Bxd6 Qxd6 21. Ne4
Qb4 22. Nxf6+ Bxf6 23. Bd3 Bg7 24. Ne5 Qa5 25. Kb1 Qc7 26. f4 Qe7 27. Qe4 f5
28. Qf3 Rd8 29. c3 Rb8 30. g4 Bxe5 31. fxe5 b5 32. gxf5 exf5 33. h4 Bb7 34. Qh5
Bxh1 35. Rxh1 Rf8 36. hxg5 Qxg5 37. Qxg5+ hxg5 38. Rh5 g4 39. Rg5+ Kh7 40. d5
Kh6 41. Rxf5 Rxf5 42. Bxf5 g3 43. Bh3 Kg6 44. e6 Rh8 45. Bg2 Kf6 46. Bf3 Ke7
47. Kc2 Rh2+ 48. Kd3 g2 49. Bxg2 Rxg2 50. c4 bxc4+ 51. Kxc4 Kd6 52. a4 Rxb2 53.
Kc3 Ra2 54. Kb3 Rd2 0-1

[Event "12. Lichtenberger Sommer"]
[Site "Berlin"]
[Date "2013.08.24"]
[Round "8.103"]
[White "Dathe, Frederick"]
[Black "Wolff, Marie Antoinette"]
[Result "1-0"]
[WhiteElo "1458"]
[BlackElo "1239"]
[PlyCount "103"]
[EventDate "2013.??.??"]
[WhiteTeam "Schachunion Berlin e.V."]
[BlackTeam "Leegebrucher Schachfreunde"]

1. d4 d5 2. c4 e6 3. Nc3 Nf6 4. Bg5 c6 5. Nf3 Nbd7 6. e3 Qa5 7. Bxf6 Nxf6 8. a3
Ne4 9. Rc1 Be7 10. c5 b5 11. cxb6 axb6 12. Bd3 Nxc3 13. Rxc3 Bxa3 14. O-O Bxb2
15. Rxc6 Bd7 16. Rc7 Bb5 17. Bxb5+ Qxb5 18. h3 O-O 19. Qc2 h6 20. Ne5 Qb4 21.
Nd3 Qb5 22. Nxb2 Ra2 23. Rb1 Qb4 24. Qc3 Qb5 25. Qc1 Rfa8 26. Rc8+ Rxc8 27.
Qxc8+ Kh7 28. Qc3 Qe2 29. Qd3+ Qxd3 30. Nxd3 Ra3 31. Ne5 f6 32. Nd7 b5 33. Rxb5
Ra1+ 34. Kh2 Ra2 35. Kg3 Kg6 36. Nc5 e5 37. dxe5 fxe5 38. Nd7 Rd2 39. Nxe5+ Kf6
40. Nf3 Rd3 41. Nd4 Ke5 42. Rb6 Rxd4 43. exd4+ Kxd4 44. Rg6 Kd3 45. Rxg7 d4 46.
Rd7 Kc3 47. f4 d3 48. f5 d2 49. Rxd2 Kxd2 50. f6 h5 51. f7 h4+ 52. Kxh4 1-0

[Event "12. Lichtenberger Sommer"]
[Site "Berlin"]
[Date "2013.08.24"]
[Round "8.104"]
[White "Zesewitz, Maik"]
[Black "Bui, Bao Anh Le"]
[Result "1-0"]
[WhiteElo "1579"]
[BlackElo "1102"]
[PlyCount "87"]
[EventDate "2013.??.??"]
[WhiteTeam "SF Friedrichshagen"]
[BlackTeam "Treptower SV 1949 e.V."]

1. f4 d5 2. Nf3 Nf6 3. e3 e6 4. b3 Nbd7 5. Bb2 Be7 6. Be2 b6 7. O-O Bb7 8. Ne5
O-O 9. d3 c5 10. Nd2 Qc7 11. Ndf3 Rac8 12. Qe1 Nxe5 13. Nxe5 Rfd8 14. Qg3 Bd6
15. Nc6 Bxc6 16. Bxf6 Bf8 17. Bxd8 Qxd8 18. Bg4 Qf6 19. Rac1 Rd8 20. Rf2 Be7
21. Rcf1 Qh4 22. Qxh4 Bxh4 23. g3 Bf6 24. Bf3 Bc3 25. Kg2 Rd6 26. e4 d4 27. e5
Bxf3+ 28. Rxf3 Rd5 29. R3f2 Kf8 30. f5 Rxe5 31. fxe6 Rxe6 32. Rxf7+ Ke8 33.
Rxg7 Re7 34. Rxe7+ Kxe7 35. a4 h6 36. Rd1 Ke6 37. Kf3 Ke5 38. Kg4 Kf6 39. Kh5
Kg7 40. h3 Ba5 41. Rf1 Bd2 42. Rf5 Bg5 43. Rxg5+ hxg5 44. Kxg5 1-0

[Event "12. Lichtenberger Sommer"]
[Site "Berlin"]
[Date "2013.08.24"]
[Round "8.105"]
[White "Koerber, Bernhard"]
[Black "Rose, Luis Stratos"]
[Result "1-0"]
[WhiteElo "1611"]
[BlackElo "1410"]
[PlyCount "57"]
[EventDate "2013.??.??"]
[WhiteTeam "SG Lasker Steglitz-Wilmersdorf"]
[BlackTeam "SC Kreuzberg e.V."]

1. e4 g6 2. d4 Bg7 3. f4 d6 4. Nf3 e6 5. Nc3 Ne7 6. Bd3 O-O 7. O-O b6 8. Be3
Bb7 9. Qd2 Nd7 10. Rf2 c5 11. Raf1 f5 12. e5 Nc8 13. Ng5 Re8 14. Nb5 d5 15. Rf3
c4 16. Be2 h6 17. Nh3 a6 18. Nc3 b5 19. a3 Kf7 20. Qe1 Rh8 21. Bf2 g5 22. fxg5
hxg5 23. Rg3 g4 24. Rxg4 fxg4 25. Bh4+ Bf6 26. Bxf6 Nxf6 27. Rxf6+ Ke7 28. Bxg4
Qg8 29. Qg3 1-0

[Event "12. Lichtenberger Sommer"]
[Site "Berlin"]
[Date "2013.08.24"]
[Round "8.106"]
[White "Becker, Uwe"]
[Black "Jiranek, Benno"]
[Result "1-0"]
[WhiteElo "1808"]
[BlackElo "1480"]
[PlyCount "57"]
[EventDate "2013.??.??"]
[WhiteTeam "SV Glück auf Rüdersdorf e.V."]
[BlackTeam "SC Kreuzberg e.V."]

1. f4 d6 2. Nf3 Bg4 3. e3 Nf6 4. d3 e5 5. h3 Bxf3 6. Qxf3 c6 7. Be2 Nbd7 8. f5
d5 9. Nd2 Qe7 10. e4 O-O-O 11. c3 g6 12. O-O Bh6 13. Kh1 Rhf8 14. Qf2 Nc5 15.
fxg6 fxg6 16. Qg1 Kb8 17. Bf3 Bxd2 18. Bxd2 dxe4 19. Be3 b6 20. Bxc5 bxc5 21.
dxe4 h5 22. Qe3 g5 23. g4 Rh8 24. Kg2 hxg4 25. Bxg4 Nh5 26. Bxh5 Rxh5 27. Rad1
Rh4 28. Rxd8+ Qxd8 29. Qxc5 1-0

[Event "12. Lichtenberger Sommer"]
[Site "Berlin"]
[Date "2013.08.24"]
[Round "8.107"]
[White "Duric, Rajko"]
[Black "Stiemerling, Karl-Heinz"]
[Result "1/2-1/2"]
[WhiteElo "1737"]
[BlackElo "1609"]
[PlyCount "90"]
[EventDate "2013.??.??"]
[WhiteTeam "SC Kreuzberg e.V."]
[BlackTeam "SG Eckturm"]

1. e4 c5 2. Nc3 a6 3. a4 Nc6 4. f4 d6 5. Nf3 Bg4 6. Be2 e6 7. O-O d5 8. exd5
exd5 9. Ne5 Bxe2 10. Qxe2 Be7 11. Qf3 Nf6 12. Ng4 Nd4 13. Nxf6+ Bxf6 14. Re1+
Kf8 15. Qd1 g6 16. Ne2 Kg7 17. c3 Nf5 18. Ng3 Qd7 19. Nxf5+ Qxf5 20. d3 Rhe8
21. Rxe8 Rxe8 22. Kf1 h6 23. Qf3 b6 24. Bd2 d4 25. Re1 Rxe1+ 26. Bxe1 g5 27.
fxg5 Qxf3+ 28. gxf3 Bxg5 29. cxd4 cxd4 30. Bf2 Bf6 31. Kg2 Kg6 32. f4 Kf5 33.
Kf3 b5 34. axb5 axb5 35. h3 b4 36. b3 h5 37. Be1 Be7 38. Bd2 Bd6 39. Bc1 Be7
40. Bd2 Bd6 41. Be1 Be7 42. Bf2 Bf6 43. Bg1 Bg7 44. Bf2 Bf6 45. Be1 Be7 1/2-1/2

[Event "12. Lichtenberger Sommer"]
[Site "Berlin"]
[Date "2013.08.24"]
[Round "8.108"]
[White "Lehmann, Tornalf"]
[Black "Stark, Steven"]
[Result "0-1"]
[WhiteElo "1680"]
[BlackElo "1529"]
[PlyCount "84"]
[EventDate "2013.??.??"]
[WhiteTeam "SC Heilsbronn 1951 e.V."]
[BlackTeam "BSC Rehberge 1945 e.V."]

1. e4 a6 2. d4 Nf6 3. e5 Nd5 4. c4 Nb4 5. a3 N4c6 6. Nf3 d5 7. cxd5 Qxd5 8. Nc3
Qd8 9. Be2 e6 10. O-O h6 11. Qd3 Be7 12. Re1 g5 13. h3 h5 14. Be3 g4 15. hxg4
h4 16. Nh2 h3 17. g3 Bg5 18. f4 Bh6 19. g5 Bg7 20. Ne4 Ne7 21. g4 Bd7 22. Nf6+
Bxf6 23. gxf6 Nd5 24. Kf2 Bb5 25. Qd2 Nc6 26. Rad1 Ba4 27. Rb1 Bb3 28. Qd3 Na5
29. Rg1 Qd7 30. Bd2 Bc4 31. Qf3 O-O-O 32. Bxa5 Bxe2 33. Qxe2 Nxf4 34. Qe4 Ng2
35. Rbc1 Qxd4+ 36. Qxd4 Rxd4 37. Rxc7+ Kb8 38. Rxf7 Rc8 39. Bc3 Rf4+ 40. Kg3
Re4 41. Kf3 Rcc4 42. Rh7 Re3+ 0-1

[Event "12. Lichtenberger Sommer"]
[Site "Berlin"]
[Date "2013.08.24"]
[Round "8.109"]
[White "Kammler, Hans-Joachim"]
[Black "Pilgrim, Wilfried"]
[Result "1-0"]
[WhiteElo "1487"]
[BlackElo "1508"]
[PlyCount "53"]
[EventDate "2013.??.??"]
[WhiteTeam "vereinslos"]
[BlackTeam "SC Kreuzberg e.V."]

1. e4 e5 2. Nf3 Nc6 3. Bb5 Nge7 4. c3 Ng6 5. d4 exd4 6. cxd4 a6 7. Ba4 Bb4+ 8.
Nc3 d6 9. O-O O-O 10. Bb3 h6 11. Qd3 Bg4 12. Re1 Bxf3 13. e5 dxe5 14. Qxg6 Nxd4
15. Bxh6 Qf6 16. Qxf6 gxf6 17. Bxf8 Nxb3 18. Bxb4 Nxa1 19. gxf3 Nc2 20. Re4 Rd8
21. Rg4+ Kh7 22. Be7 Rd2 23. Ne4 Rd1+ 24. Kg2 Ne1+ 25. Kh3 f5 26. Nf6+ Kh6 27.
Bf8# 1-0

[Event "12. Lichtenberger Sommer"]
[Site "Berlin"]
[Date "2013.08.24"]
[Round "8.110"]
[White "Lippianowski, Stefan"]
[Black "Dittrich, Hans-Jürgen"]
[Result "0-1"]
[WhiteElo "1245"]
[BlackElo "1380"]
[PlyCount "60"]
[EventDate "2013.??.??"]
[WhiteTeam "Treptower SV 1949 e.V."]
[BlackTeam "vereinslos"]

1. e4 e5 2. Nf3 Nc6 3. Bc4 Nf6 4. Ng5 d5 5. exd5 Nxd5 6. d3 h6 7. Nxf7 Kxf7 8.
Qf3+ Qf6 9. Qxd5+ Be6 10. Qb5 Bxc4 11. Qxc4+ Qe6 12. Qe4 Bd6 13. Qf3+ Qf6 14.
Qh5+ Qg6 15. Qf3+ Qf6 16. Qe2 Rhf8 17. Be3 Kg8 18. Nc3 Nd4 19. Qd2 c6 20. Ne4
Qg6 21. g3 Nf3+ 22. Ke2 Nxd2 23. Kxd2 b6 24. h4 Rf3 25. h5 Qe6 26. Ke2 Raf8 27.
b3 Be7 28. Nd2 Qd5 29. c4 Rxe3+ 30. fxe3 Qg2+ 0-1

[Event "12. Lichtenberger Sommer"]
[Site "Berlin"]
[Date "2013.08.25"]
[Round "9.3"]
[White "Reichenbach, Werner"]
[Black "Meister, Jakob"]
[Result "1/2-1/2"]
[WhiteElo "2279"]
[BlackElo "2517"]
[PlyCount "117"]
[EventDate "2013.??.??"]
[WhiteTeam "Schachclub Oberkrämer"]
[BlackTeam "SK Zehlendorf e.V."]

1. d4 Nf6 2. Nf3 e6 3. c4 c5 4. d5 exd5 5. cxd5 d6 6. Nc3 g6 7. e4 Bg7 8. Be2
O-O 9. O-O Re8 10. Nd2 Na6 11. f3 Nc7 12. a4 Nd7 13. Kh1 f5 14. Nc4 Ne5 15. Na3
a6 16. Be3 Nf7 17. Qd2 Bd7 18. a5 Rb8 19. Nc4 Nb5 20. Bd3 Nd4 21. Ra3 Qf6 22.
Nb6 Rbd8 23. Nc4 Bb5 24. Rb1 Bxc4 25. Bxc4 Qh4 26. Qf2 Qh5 27. Bf1 fxe4 28.
Nxe4 Qxd5 29. b4 Nf5 30. bxc5 dxc5 31. Bxc5 Ne5 32. Rab3 Rd7 33. Bb6 Kh8 34.
Qc5 Qg8 35. Qf2 Rc8 36. Be3 Qd5 37. Bb6 h6 38. Nc5 Rf7 39. Nd3 Nd7 40. Nb4 Qe6
41. Nd3 Qd6 42. Rb4 Kh7 43. Ba7 Qd5 44. Rxb7 Nd6 45. R7b4 Qxa5 46. Bd4 Nf6 47.
Ne5 Re7 48. Nd3 Nf5 49. Bc5 Rd7 50. Bb6 Qa3 51. R1b3 Qa1 52. Rb1 Qc3 53. R4b3
Qc2 54. Qxc2 Rxc2 55. Nb4 Rcd2 56. Rd3 Bf8 57. Rxd7+ Nxd7 58. g4 Nxb6 59. gxf5
1/2-1/2

[Event "12. Lichtenberger Sommer"]
[Site "Berlin"]
[Date "2013.08.25"]
[Round "9.4"]
[White "Friedrich, Wiede"]
[Black "Radovanovic, Jovica"]
[Result "1/2-1/2"]
[WhiteElo "2253"]
[BlackElo "2341"]
[PlyCount "114"]
[EventDate "2013.??.??"]
[WhiteTeam "USV Potsdam e.V., Abt. Schach"]
[BlackTeam "vereinslos"]

1. e4 c5 2. Nf3 Nc6 3. d4 cxd4 4. Nxd4 Qb6 5. Nb3 Nf6 6. Nc3 e6 7. Bd3 a6 8.
O-O Be7 9. Qf3 Qc7 10. a4 Ne5 11. Qg3 Nh5 12. Qh3 Nxd3 13. cxd3 Nf4 14. Qf3 Ng6
15. a5 b5 16. axb6 Qxb6 17. Na5 O-O 18. Be3 Qd8 19. Rfc1 Rb8 20. Qe2 Bb4 21.
Nb3 f5 22. Ba7 Ra8 23. Bc5 Nf4 24. Qf3 Bxc5 25. Nxc5 fxe4 26. dxe4 Rb8 27. Rc2
Qg5 28. Nd3 Bb7 29. Nxf4 Rxf4 30. Qg3 Qxg3 31. hxg3 Rff8 32. Rd2 Rfd8 33. f3
Kf7 34. Kf2 Ke7 35. g4 h6 36. Kg3 Rdc8 37. Na4 Bc6 38. Nc3 Rb6 39. Na4 Rb4 40.
Nc5 Rb5 41. Na4 Rcb8 42. Nc3 Rxb2 43. Rxb2 Rxb2 44. Rxa6 Rb3 45. Na4 Kd6 46.
Rb6 Ra3 47. Nb2 Kc5 48. Kf4 Rxf3+ 49. gxf3 Kxb6 50. Ke5 Kc5 51. Nd3+ Kc4 52.
Nf4 g5 53. Ng6 Kd3 54. Kd6 Ke3 55. Ne5 Ba4 56. Nxd7 Kxf3 57. Ne5+ Kxe4 1/2-1/2

[Event "12. Lichtenberger Sommer"]
[Site "Berlin"]
[Date "2013.08.25"]
[Round "9.5"]
[White "Kornrumpf, Joachim"]
[Black "Ross, Chris N"]
[Result "0-1"]
[WhiteElo "2084"]
[BlackElo "2240"]
[PlyCount "72"]
[EventDate "2013.??.??"]
[WhiteTeam "Preetzer TSV"]
[BlackTeam "Schachgemeinschaft Niederkassel"]

1. b3 e5 2. Bb2 d6 3. e3 g6 4. d4 Bg7 5. Nf3 e4 6. Nfd2 f5 7. Qc1 Nf6 8. c4 O-O
9. Be2 Nc6 10. a3 Qe8 11. Nc3 f4 12. Nd5 fxe3 13. Nxe3 Ne7 14. Qc2 Nf5 15. Ndf1
Nd7 16. Nxf5 gxf5 17. O-O-O Nf6 18. f3 c6 19. Ng3 Qg6 20. f4 b5 21. cxb5 cxb5
22. Qd2 Be6 23. Qb4 Nd5 24. Qxd6 Rfd8 25. Qa6 Nxf4 26. Kb1 Bxb3 27. Qxg6 hxg6
28. Rde1 Nxg2 29. Reg1 Nh4 30. Bxb5 Rab8 31. Be2 Bd5 32. Rd1 f4 33. Nf1 e3 34.
Rg1 f3 35. Nxe3 fxe2 36. Rc1 Rxb2+ 0-1

[Event "12. Lichtenberger Sommer"]
[Site "Berlin"]
[Date "2013.08.25"]
[Round "9.6"]
[White "Brüdigam, Martin"]
[Black "Moritz, Aron"]
[Result "1/2-1/2"]
[WhiteElo "2312"]
[BlackElo "2193"]
[PlyCount "22"]
[EventDate "2013.??.??"]
[WhiteTeam "USV Potsdam e.V., Abt. Schach"]
[BlackTeam "Sfrd. Berlin 1903 e.V."]

1. d4 Nf6 2. c4 e6 3. g3 d5 4. Nf3 Bb4+ 5. Bd2 Be7 6. Bg2 O-O 7. Qc2 Nbd7 8.
O-O c6 9. Bf4 b6 10. Nbd2 Bb7 11. Rad1 Nh5 1/2-1/2

[Event "12. Lichtenberger Sommer"]
[Site "Berlin"]
[Date "2013.08.25"]
[Round "9.7"]
[White "Giemsa, Stephan"]
[Black "Sieglen, Joachim"]
[Result "1-0"]
[WhiteElo "2312"]
[BlackElo "2270"]
[PlyCount "49"]
[EventDate "2013.??.??"]
[WhiteTeam "SK König Tegel 1949 e.V."]
[BlackTeam "SC Untergrombach 46"]

1. d4 Nf6 2. c4 c5 3. d5 b5 4. Qc2 Na6 5. a3 bxc4 6. e4 Nc7 7. Bxc4 e6 8. Nc3
exd5 9. exd5 Bb7 10. Qd3 d6 11. Nge2 Be7 12. O-O O-O 13. b4 Nd7 14. f4 Nb6 15.
Ba2 Rc8 16. Rd1 Bf6 17. Rb1 c4 18. Qf3 Re8 19. Ng3 Ncxd5 20. Nxd5 Nxd5 21. Rxd5
Qe7 22. Bd2 c3 23. Nf5 Qd7 24. Qg4 Kh8 25. Rxd6 1-0

[Event "12. Lichtenberger Sommer"]
[Site "Berlin"]
[Date "2013.08.25"]
[Round "9.8"]
[White "Rehberg, Raphael"]
[Black "Thorarinsson, Pall A"]
[Result "1-0"]
[WhiteElo "2151"]
[BlackElo "2222"]
[PlyCount "97"]
[EventDate "2013.??.??"]
[WhiteTeam "SG Lok Brandenburg, Abt. Schach"]
[BlackTeam "Athenaeum Chess Club London"]

1. e4 d6 2. d4 Nf6 3. Nc3 g6 4. f3 c6 5. Be3 Qb6 6. Qc1 h5 7. Bd3 Bg7 8. Nge2
Qc7 9. a4 Nbd7 10. O-O c5 11. dxc5 Nxc5 12. Nb5 Qd8 13. e5 Nd5 14. exd6 Nxd3
15. cxd3 exd6 16. Bxa7 Rxa7 17. Nxa7 Qb6+ 18. Kh1 Bf5 19. Nb5 O-O 20. Qd2 h4
21. Nec3 Nf6 22. Ne4 h3 23. g4 Bd7 24. Qf2 Qd8 25. Nbxd6 Bc6 26. Nxf6+ Bxf6 27.
Ne4 Bd4 28. Qd2 Bg7 29. Rg1 Re8 30. Rae1 Re5 31. Rg3 Rd5 32. Nf2 Bd4 33. Rxh3
Bxf2 34. Qxf2 Rxd3 35. Rg3 Bxa4 36. Re3 Rd2 37. Re2 Rd3 38. Re3 Rd2 39. Re2 Rd3
40. Kg2 Bd1 41. Re3 Rd2 42. Re8+ Qxe8 43. Qxd2 Ba4 44. Rh3 Bc6 45. Kf2 Qe7 46.
Qd4 f6 47. g5 Qe6 48. Rh6 Kg7 49. gxf6+ 1-0